000
00312nam a22001217a 4500
082
_a
344.549104232
_b
ALI
100
_a
Ali, Wajahat
245
_a
Manual of Food Laws in Pakistan /
_c
Wajahat Ali
260
_a
Lahore:
_b
Irfan Law Book House,
_c
N.A.
300
_a
757 p.
563
_a
HB.
942
_2
ddc
_c
BK
999
_c
614106
_d
614106